| 000 | 01306nam a22003377a 4500 | ||
|---|---|---|---|
| 001 | T0000002 | ||
| 003 | KOHA_MİRAKIL | ||
| 005 | 20260207004503.0 | ||
| 007 | ta | ||
| 008 | 190401b2010 xx |||grm|||#0|||0|tur | | ||
| 040 |
_aTR-BiSEU _btur _cTR-BiSEU _erda |
||
| 041 | 0 | _atur | |
| 050 | 0 | 0 |
_aTez _b2 |
| 100 | 1 | _aZeyrek, Deniz. | |
| 245 | 1 |
_aDoğu ve Güneydoğu Anadolu'dan batıya yönelen göçlerin toplumsal sonuçları (1984-2006)/ _cDeniz Zeyrek ; Deniz Zeyrek; danışman Hüseyin Sadoğlu. |
|
| 264 | 1 |
_aBilecik : _bBilecik Üniversitesi _c2010 |
|
| 300 | _aIX, 123 sayfa: tablo; 30 cm.+1 CD-ROM | ||
| 336 |
_ametin _btxt _2rdacontent |
||
| 337 |
_aaracısız _bn _2rdamedia |
||
| 338 |
_acilt _bnc _2rdacarrier |
||
| 500 | _aRef. No: 377163/02 | ||
| 500 | _aKaynakça var. | ||
| 500 | _aİngilizce Eser Adı : The social effects of the migration from the east and southeast anatolian to the west (1984-2006) | ||
| 502 | _aTez (Yüksek Lisans) -- Bilecik Üniversitesi Sosyal Bilimler Enstitüsü Kamu Yönetimi Anabilim Dalı, Bilecik, . | ||
| 650 | 0 |
_aGöç--Zorunlu göç. _9118768 |
|
| 650 | 0 |
_aÇarpık kentleşme. _9118769 |
|
| 650 | 0 |
_aMigration--Forced emigration. _9118770 |
|
| 650 | 0 |
_aUnplant urbanization. _9118771 |
|
| 856 | 4 | 0 | _uhttp://acikkaynak.bilecik.edu.tr/xmlui/handle/11552/91 |
| 907 | _aYüksek Lisans | ||
| 942 |
_2lcc _cTS |
||
| 999 |
_c64553 _d64553 |
||